000 00767nam a2200205Ii 4500
003 JO-AjNU
008 230605s9999||||xx |||||||||||||| ||und||
040 _aJO-AjNU
_bara
_erda
_cJO-AjNU
041 _aara
050 1 4 _aLB2844.1.N4.M6412 2005
100 3 _aMoffatt,Courtney مؤلف/Moffatt,Thomas L ملحم،إياد مترجم/ م.مشارك ,
_eauthor
_921644
245 0 0 _aدليل المعلم المبتدئ:رفيق المربي=Handbook For the Beginning Teacher
250 _aط1
264 3 1 _aالعين:دار الكتاب الجامعي،2005
300 _a364ص
336 _atext
_btxt
_2rdacontent
337 _aunmediated
_bn
_2rdamedia
338 _avolume
_bnc
_2rdacarrier
650 4 _aالتدريس. المدرسون-تدريب.
_921645
999 _aA7553
_c11121
_d11121